Revisiting the government revenue-expenditure nexus: evidence from 15 OECD countries based on the panel data approach

Guardado en:
Detalles Bibliográficos
Autor principal: Chang, Tsangyao
Otros Autores: Chiang, Gengnan
Formato: Capítulo de libro
Lenguaje:inglés
Materias:
Etiquetas: Agregar Etiqueta
Sin Etiquetas, Sea el primero en etiquetar este registro!

MARC

LEADER 00000naa$a2200000$$$4500
001 0100384
005 20231010115212.0
041 0 |a eng 
044 |a CZ 
245 1 0 |a Revisiting the government revenue-expenditure nexus: evidence from 15 OECD countries based on the panel data approach  |c Tsangyao Chang, Gengnan Chiang 
610 2 0 |a OECD 
610 2 0 |a výnosy 
610 2 0 |a výdavky 
610 2 0 |a vláda 
610 2 0 |a politika fiškálna 
100 1 |a Chang, Tsangyao 
700 1 |a Chiang, Gengnan